[Event "ICS rated blitz match"]
[Site "207.99.83.229"]
[Date "1999.06.20"]
[Round "?"]
[White "andante"]
[Black "Hossa"]
[Result "0-1"]
[WhiteElo "2110"]
[BlackElo "2338"]
[PlyCount "46"]

1. e4 c5 2. Nf3 Nc6 3. d4 cxd4 4. Nxd4 Nf6 5. Nc3 d6 6. Be2 e5 7. Nb3 Be7 8.
O-O O-O 9. f4 a5 10. a4 Nb4 11. Nd5 Nfxd5 12. exd5 Bf5 13. Bd3 Bxd3 14. cxd3
Qb6+ 15. Kh1 Rac8 16. fxe5 Nc2 17. e6 fxe6 18. Rxf8+ Bxf8 19. Qg4 Re8 20. Qc4
Nxa1 21. Nxa1 exd5 22. Qxd5+ Kh8 23. Nc2 23... Qf2 {andante resigns} 0-1

[Event "ICS rated blitz match"]
[Site "207.99.83.229"]
[Date "1999.06.20"]
[Round "?"]
[White "salzi"]
[Black "Hossa"]
[Result "1/2-1/2"]
[WhiteElo "2038"]
[BlackElo "2345"]
[PlyCount "138"]

1. d4 d5 2. c4 e6 3. Nc3 Nf6 4. Bg5 Be7 5. e3 dxc4 6. Bxc4 O-O 7. Nf3 Nc6 8. a3
Bd7 9. Rc1 Ng4 10. Bxe7 Qxe7 11. Bd3 Rad8 12. h3 Nf6 13. Bb1 e5 14. Qc2 Bc8 15.
dxe5 Nxe5 16. Nxe5 Qxe5 17. Ne4 Nxe4 18. Qxe4 Qxe4 19. Bxe4 c6 20. Ke2 Be6 21.
Rhd1 Rxd1 22. Rxd1 f5 23. Bc2 c5 24. Rd6 Kf7 25. Rd2 h5 26. Kd3 h4 27. Kc3 Rc8
28. Bb3 Bxb3 29. Kxb3 Ke6 30. Kc4 b6 31. a4 a6 32. Rd3 g6 33. Rd2 Ke7 34. Rd3
Rc6 35. Rd2 Rd6 36. Rxd6 Kxd6 37. f3 Kc6 38. b3 b5+ 39. axb5+ axb5+ 40. Kd3 Kd6
41. Kc3 Ke5 42. Kd3 g5 43. Kc3 Kd5 44. Kd3 Kc6 45. Kc3 Kd6 46. Kd3 Kd5 47. Kc3
Ke6 48. Kd3 Ke7 49. Kc3 Kd7 50. Kd3 Ke6 51. Kc3 Ke7 52. Kd3 Kd8 53. Kc3 Kc7 54.
Kd3 Kd7 55. Kc3 Ke8 56. Kd3 Kf7 57. Kc3 Kg6 58. Kd3 Kg7 59. Kc3 Kf6 60. Kd3 Kg6
61. Kc3 Kf7 62. Kd3 Ke6 63. Kc3 Ke7 64. Kd3 Kd8 65. Kc3 Kc7 66. Kd3 Kd7 67. Kc3
Ke8 68. Kd3 Kd7 69. Kc3 69... Ke8 {Game drawn by repetition} 1/2-1/2

[Event "ICS rated standard match"]
[Site "207.99.83.229"]
[Date "1999.06.20"]
[Round "?"]
[White "Hossa"]
[Black "Nimzostrong"]
[Result "0-1"]
[WhiteElo "2208"]
[BlackElo "2506"]
[PlyCount "153"]

1. e4 e5 2. Nf3 Nc6 3. d4 exd4 4. Bc4 Bc5 5. Ng5 Nh6 6. c3 O-O 7. O-O d6 8. Nf3
dxc3 9. Nxc3 Ng4 10. Bg5 Qe8 11. Rc1 Be6 12. Nd5 Qd7 13. Qd2 a5 14. Bb5 f6 15.
Bf4 Qf7 16. Bxc6 bxc6 17. Ne3 Qg6 18. Nxg4 Bxg4 19. Qd3 Rab8 20. Rc2 Rb4 21.
Nd2 f5 22. Rxc5 fxe4 23. Qc3 dxc5 24. Be5 Rd8 25. Nb3 Rd3 26. Qc2 Be6 27. Nxa5
Bxa2 28. Bc3 Rb5 29. Qa4 Bd5 30. Nc4 Bxc4 31. Qxc4+ Kh8 32. h4 Rd8 33. Qe2 Re8
34. Ra1 Rbb8 35. Ra7 Qd6 36. Qg4 Re7 37. Ra1 Rf8 38. Rd1 Qh6 39. Bd2 Qf6 40.
Be3 Qe5 41. Qg5 Qxg5 42. hxg5 Rb8 43. Bxc5 Re5 44. Ba7 Rc8 45. Be3 Rb5 46. Rb1
Kg8 47. Kf1 Rcb8 48. Bc1 Kf7 49. Ke1 Ra8 50. Kd1 Ra2 51. Kc2 Rba5 52. Be3 Ra1
53. Rxa1 Rxa1 54. Bc1 Rxc1+ 55. Kxc1 Kg6 56. Kd2 Kxg5 57. Ke3 Kf5 58. Kd2 h5
59. Ke2 h4 60. Ke3 g5 61. f3 exf3 62. Kxf3 g4+ 63. Ke3 Ke5 64. Ke2 Kd4 65. Kf2
Kd3 66. b4 Kc4 67. Kg1 Kxb4 68. Kh1 c5 69. Kg1 c4 70. Kf2 c5 71. Ke3 c3 72. Kf4
h3 73. g3 h2 74. Kxg4 h1=Q 75. Kg5 c2 76. Kg6 c1=Q 77. g4 {Hossa resigns} 0-1

[Event "ICS rated blitz match"]
[Site "207.99.83.229"]
[Date "1999.06.20"]
[Round "?"]
[White "Hossa"]
[Black "Secret"]
[Result "0-1"]
[WhiteElo "2334"]
[BlackElo "2410"]
[Annotator "Fritz 5.32 (15s)"]
[PlyCount "93"]

1. e4 c5 2. Nf3 Nc6 3. d4 cxd4 4. Nxd4 Nf6 5. Nc3 e5 6. Ndb5 d6 7. Bg5 a6 8.
Na3 b5 9. Bxf6 gxf6 10. Nd5 Bg7 11. c4 b4 (11... f5 12. cxb5 Nd4 13. Bd3 O-O
14. Nc2 Nxb5 15. exf5 e4 16. Bxb5 axb5 17. O-O Bxf5 18. Nd4 Bg6 19. Nc6 Qg5 20.
Nde7+ Kh8 21. Nxg6+ Qxg6 22. Qd5 b4 23. Rfd1 Bxb2 24. Rab1 Bc3 25. Nxb4 Rab8
26. a3 Rg8 27. g3 Be5 28. Nc6 Rxb1 29. Rxb1 e3 30. Rf1 exf2+ 31. Rxf2 f6 32. a4
Qb1+ 33. Kg2 Qb7 34. Qf3 Qd7 35. a5 Rc8 36. Nxe5 fxe5 37. a6 Qg7 38. Qb7 Qg8
39. a7 Ra8 40. Rf7 {1-0 (ESP),L-(BRA),F/Cannes (France) 1997 (40)}) 12. Nc2 (
12. Qa4 Bd7 13. Nxb4 Nd4 14. Qd1 Qa5 15. Qd2 Rb8 16. Nd3 Qxd2+ 17. Kxd2 f5 18.
exf5 e4 19. Re1 O-O 20. Rxe4 Bxf5 21. Rxd4 Bxd4 22. b3 Bxd3 23. Bxd3 Bxf2 24.
Rf1 Bc5 25. Nc2 Rbe8 26. b4 26... Bb6 {
Ginzburg,M-Del Rey,D/Buenos Aires PRENAJ 1993/1-0 (73)}) 12... a5 13. Be2 $146
(13. Nce3 Nd4 14. Bd3 O-O 15. g4 Kh8 16. Nf5 Bxf5 17. gxf5 a4 18. O-O b3 19. a3
Rg8 20. Kh1 Bh6 21. Qh5 Qf8 22. Rg1 Rg5 23. Rxg5 fxg5 24. Nf6 g4 25. Nxg4 Bf4
26. Rg1 f6 27. Rd1 Qg7 28. Bb1 Rg8 29. h3 Qe7 30. Nh6 Bxh6 31. Qxh6 Nf3 32. Qe3
Nd4 33. Rg1 Rc8 34. Bd3 Qb7 35. Qh6 Qf7 36. Rg6 Rf8 37. Rg1 {
- Ryan,P-Brady,C/Irish Senior 1992 (37)}) 13... f5 14. exf5 Bxf5 15. a3 e4 16.
axb4 Bxb2 17. Ra2 Bg7 18. b5 {
Damit entsteht ein starker Freibauer. Weiss erobert Raum} 18... Ne5 19. Nce3
Bg6 20. h4 h6 21. h5 Bh7 22. f3 $11 {Ueberdeckt g4} (22. Qd2 $5 $16) 22... exf3
$14 (22... O-O 23. Qd2 $14) 23. Bxf3 $11 (23. gxf3 $5 23... Rg8 24. b6 $14)
23... Nd3+ 24. Kf1 O-O 25. Ra3 Ne5 26. Kf2 Qg5 27. Nb6 $11 (27. b6 27... Rab8
$14) 27... Ra7 {Schwarz haelt das Heft fest in der Hand} 28. Rb3 $15 (28. Be2
$5 $11 $142 {ist bedenkenswert}) 28... a4 29. Ra3 Nxf3 30. Kxf3 (30. Qxf3 $2
30... Qc5 31. Rxa4 Qxb6 32. Rxa7 32... Qxa7 $19) (30. gxf3 Qc5 31. Rxa4 Qxb6
32. Rxa7 Qxa7 33. Qxd6 33... Re8 $19) 30... Qc5 31. Rxa4 Qxb6 32. Rxa7 Be4+ 33.
Ke2 (33. Kf2 Qxa7 34. Rh4 $19) 33... Qxa7 34. Qxd6 (34. Qd2 Re8 35. Rh3 Bd4 36.
Rg3+ 36... Kh8 $19) 34... Re8 (34... Bd4 $5 $142 {ist genauer} 35. Qg3+ (35.
Qxh6 $4 {Weiss schlaegt einen vergifteten Bauern} 35... Qa2+ 36. Kd1 36... Bc3
$19) 35... Kh7 36. Rd1 $19) 35. b6 Qa2+ 36. Qd2 Qb3 37. c5 (37. Rc1 Qxb6 38. c5
38... Qf6 $19) 37... Qb5+ 38. Kf2 Qxc5 39. Rh3 Qxb6 40. Rg3 40... Qc7 {
Schwarz entwickelt eine toedliche Initiative} 41. Rg4 (41. Nf1 {
aendert nichts mehr} 41... Bb7 $19) 41... f5 42. Rh4 (42. Rxg7+ {
hilft auch nicht mehr} 42... Qxg7 43. g3 43... Rb8 $19) 42... f4 43. Ng4 (43.
Kg1 {der letzte Widerstandsversuch} 43... fxe3 44. Qxe3 $19) 43... Qc5+ 44. Ne3
fxe3+ 45. Qxe3 Rf8+ 46. Ke2 (46. Rf4 {
kann das Vorangegangene nicht ungeschehen machen} 46... Rxf4+ 47. Ke2 Qc4+ 48.
Kd2 Rf1 49. Qxe4 Qxe4 50. g3 Rf2+ 51. Kd1 Qb1#) 46... Qc2+ 47. Qd2 0-1

[Event "ICS rated blitz match"]
[Site "207.99.83.229"]
[Date "1999.06.20"]
[Round "?"]
[White "Secret"]
[Black "Hossa"]
[Result "1-0"]
[WhiteElo "2421"]
[BlackElo "2321"]
[PlyCount "76"]

1. d4 d5 2. c4 e6 3. Nc3 Nf6 4. Bg5 Be7 5. e3 dxc4 6. Bxc4 O-O 7. Nf3 Nc6 8.
O-O Bd7 9. Ne5 Be8 10. Rc1 Bd6 11. Nxc6 Bxc6 12. Bb5 Bxb5 13. Nxb5 c6 14. Bxf6
gxf6 15. Nxd6 Qxd6 16. Qf3 e5 17. Qg4+ Kh8 18. dxe5 fxe5 19. Rcd1 Qf6 20. Rd7
Rab8 21. Rfd1 Qg6 22. Qb4 Rg8 23. g3 Qe6 24. Re7 Qxa2 25. Qd6 Rgd8 26. Qf6+ Kg8
27. Rxd8+ Rxd8 28. Rxe5 Qb1+ 29. Kg2 Qd3 30. Rg5+ Kf8 31. Rf5 Qe4+ 32. Kh3
Qxf5+ 33. Qxf5 Rd2 34. Kg2 Kg7 35. Qe5+ Kg8 36. Qb8+ Kg7 37. Qxb7 a5 38. Qxc6
38... f6 {Hossa resigns} 1-0

[Event "ICS rated standard match"]
[Site "207.99.83.229"]
[Date "1999.06.20"]
[Round "?"]
[White "expert101"]
[Black "Hossa"]
[Result "1-0"]
[WhiteElo "2117"]
[BlackElo "2203"]
[PlyCount "96"]

1. e4 e5 2. Nf3 Nc6 3. Bb5 Bb4 4. O-O Nf6 5. d4 exd4 6. Nxd4 O-O 7. Bg5 Be7 8.
Bxc6 dxc6 9. e5 Ng4 10. Bf4 Bc5 11. c3 Re8 12. Re1 Qd5 13. Qf3 Bxd4 14. cxd4
Qxd4 15. Nc3 Nxe5 16. Bxe5 Rxe5 17. Red1 Bg4 18. Rxd4 Bxf3 19. gxf3 Rg5+ 20.
Kf1 g6 21. Rad1 Rh5 22. Rd7 Rxh2 23. Kg1 Rh4 24. Rxc7 b6 25. Rdd7 Rf4 26. Kg2
Kg7 27. Ne4 c5 28. Ng5 Rb4 29. Rxf7+ Kh6 30. f4 Rxf4 31. Rxf4 Kxg5 32. Rff7 Rd8
33. Kg3 h6 34. Rce7 Kh5 35. Rf6 Rd3+ 36. f3 Rd5 37. Rxa7 b5 38. b3 Rg5+ 39. Kf4
Rd5 40. a4 bxa4 41. bxa4 c4 42. Rc6 Rd4+ 43. Kg3 Rd8 44. Ra5+ g5 45. Raa6 Rh8
46. Rxc4 Ra8 47. Rxa8 Kg6 48. Ra6+ 48... Kh7 {Hossa resigns} 1-0

[Event "ICS Rated blitz match"]
[Site "207.99.83.229"]
[Date "1999.06.21"]
[Round "?"]
[White "harria"]
[Black "Hossa"]
[Result "1-0"]
[WhiteElo "2189"]
[BlackElo "2313"]
[PlyCount "138"]

1. d4 d5 2. c4 e6 3. Nc3 Be7 4. Nf3 Nf6 5. Bf4 O-O 6. e3 Nc6 7. Rc1 Bd7 8. Bg5
Ne4 9. Bxe7 Nxe7 10. cxd5 Nxc3 11. Rxc3 Nxd5 12. Rc1 a6 13. e4 Nf6 14. Bd3 Bc6
15. Qe2 Bb5 16. O-O c6 17. Rfd1 Ng4 18. Qc2 Qa5 19. h3 Bxd3 20. Qxd3 Nh6 21.
Qc4 Rad8 22. Ne5 Qc7 23. Nd3 Rfe8 24. b3 Qd6 25. Nc5 Re7 26. Qb4 Qc7 27. a3 f6
28. e5 fxe5 29. dxe5 Rd5 30. f4 Nf5 31. Qc3 Qd8 32. Rxd5 cxd5 33. Qd2 Kh8 34.
Qb4 Qc8 35. Nd3 Qe8 36. g4 Nh6 37. Qb6 Qf8 38. b4 Qb8 39. a4 Qe8 40. a5 Qf8 41.
Kh1 g6 42. Rc2 Ng8 43. Rc7 Rxc7 44. Qxc7 Qg7 45. Qxg7+ Kxg7 46. Nc5 Ne7 47.
Nxe6+ Kf7 48. Nd4 Nc6 49. Nxc6 bxc6 50. f5 gxf5 51. gxf5 Ke8 52. Kg2 Kf7 53. h4
Kf8 54. Kf3 Ke8 55. h5 Ke7 56. f6+ Ke6 57. Kf4 h6 58. Kg4 d4 59. Kf4 d3 60. Ke3
d2 61. Kxd2 Kf7 62. Kd3 Ke6 63. Ke4 Kd7 64. Kf5 c5 65. e6+ Kc6 66. e7 cxb4 67.
e8=Q+ Kd5 68. Qe4+ Kc5 69. f7 69... Kd6 {Hossa resigns} 1-0

[Event "ICS rated blitz match"]
[Site "207.99.83.229"]
[Date "1999.06.21"]
[Round "?"]
[White "Hossa"]
[Black "voltak"]
[Result "0-1"]
[WhiteElo "2292"]
[BlackElo "2225"]
[PlyCount "102"]

1. e4 e5 2. Nf3 Nc6 3. Bb5 Bc5 4. c3 Nf6 5. d4 exd4 6. e5 Ne4 7. Qe2 d5 8. exd6
O-O 9. Bxc6 bxc6 10. dxc7 Qe7 11. cxd4 Bb4+ 12. Nc3 Re8 13. O-O Bxc3 14. bxc3
Qxc7 15. Re1 Qa5 16. Qe3 Bf5 17. Bd2 Qd5 18. a4 c5 19. Qf4 Bg6 20. Re2 Rac8 21.
Rae1 f5 22. Ra1 Bh5 23. Rae1 g5 24. Qe3 Qc4 25. dxc5 Rcd8 26. g4 Rd3 27. gxh5
Rxe3 28. Rxe3 Rc8 29. Rxe4 fxe4 30. Nxg5 Re8 31. Re3 h6 32. Nh3 Kf7 33. Rg3 Rd8
34. Be1 Qe2 35. Ng5+ hxg5 36. Re3 Qg4+ 37. Kf1 Qxh5 38. h3 Rd3 39. Rxe4 Rxh3
40. Re3 Rh1+ 41. Kg2 g4 42. Kg3 Qh2+ 43. Kxg4 Qh5+ 44. Kg3 Rg1+ 45. Kf4 Qh4+
46. Ke5 Rg5+ 47. Kd6 Qh6+ 48. Kd7 Rd5+ 49. Kc7 Rxc5+ 50. Kb7 Qb6+ 51. Ka8 51...
Rc8# {Hossa checkmated} 0-1

[Event "ICS rated blitz match"]
[Site "207.99.83.229"]
[Date "1999.06.21"]
[Round "?"]
[White "Brookie"]
[Black "Hossa"]
[Result "0-1"]
[WhiteElo "1995"]
[BlackElo "2283"]
[PlyCount "43"]

1. d4 d5 2. c4 e6 3. Nc3 c6 4. Nf3 Nf6 5. Bg5 Be7 6. e3 O-O 7. Qc2 Nbd7 8. Rd1
b6 9. Bd3 dxc4 10. Bxc4 Bd6 11. Ne5 Qc7 12. Nxd7 Nxd7 13. h3 h6 14. e4 hxg5 15.
e5 Be7 16. h4 gxh4 17. Ne4 Bb7 18. Rd3 c5 19. Nd6 Bxg2 20. Rh2 cxd4 21. Rxg2
Nxe5 22. Rxd4 {Brookie resigns} 0-1

[Event "ICS rated blitz match"]
[Site "207.99.83.229"]
[Date "1999.06.21"]
[Round "?"]
[White "Hossa"]
[Black "wimpy"]
[Result "1-0"]
[WhiteElo "2288"]
[BlackElo "2150"]
[PlyCount "75"]

1. e4 c5 2. Nf3 d6 3. Bb5+ Nd7 4. d4 cxd4 5. Nxd4 Ngf6 6. Nc3 g6 7. f4 a6 8. e5
axb5 9. exf6 Nxf6 10. Ncxb5 Bg7 11. f5 O-O 12. O-O Bd7 13. Nc3 Qb6 14. Kh1 Ng4
15. Qxg4 Qxd4 16. Qxd4 Bxd4 17. Nd5 e6 18. c3 Be5 19. Nb6 Rad8 20. Bg5 f6 21.
Bh6 Rfe8 22. fxe6 Bxe6 23. a4 g5 24. a5 Bf4 25. g3 Be3 26. Rxf6 Bxb6 27. axb6
Bd5+ 28. Kg1 Re2 29. Rd1 Be4 30. Rf2 Rxf2 31. Kxf2 g4 32. c4 Kf7 33. Rd4 d5 34.
cxd5 Bxd5 35. Rxg4 Bc6 36. Rg7+ Kf6 37. Bg5+ Kf5 38. Bxd8 {wimpy resigns} 1-0

[Event "ICS rated standard match"]
[Site "207.99.83.229"]
[Date "1999.06.21"]
[Round "?"]
[White "Pinhead"]
[Black "Hossa"]
[Result "0-1"]
[WhiteElo "2056"]
[BlackElo "2183"]
[PlyCount "106"]

1. e4 e5 2. Nf3 Nc6 3. Bb5 Bc5 4. c3 Nf6 5. O-O O-O 6. d4 exd4 7. cxd4 Bb6 8.
d5 Ne7 9. Nc3 d6 10. Bg5 Ng4 11. h3 Ne5 12. Qe2 Nxf3+ 13. Qxf3 f6 14. Be3 f5
15. Bxb6 axb6 16. exf5 Nxf5 17. Bd3 Nh4 18. Qh5 Bf5 19. Rad1 Bxd3 20. Rxd3 Ng6
21. Rg3 Nf4 22. Qg4 Qf6 23. Rf3 Rae8 24. Kh1 h5 25. Qd7 Re7 26. Qa4 Qg5 27. Rg3
Qh4 28. Rd1 Qf6 29. Rf3 Qg5 30. Rg3 Qf5 31. Qd4 Qc2 32. Rd2 Qc1+ 33. Kh2 Re5
34. Ne4 Nxd5 35. Ng5 Nf6 36. Rc3 Qf1 37. Rxc7 Rxg5 38. f4 Rd5 39. Qf2 Qxf2 40.
Rxf2 Ne4 41. Re2 Rxf4 42. Rxb7 Rb5 43. Re7 d5 44. Re5 h4 45. Re8+ Rf8 46. Re5
Ng3 47. Re1 Rxb2 48. Rxd5 Rxa2 49. Rd4 Rff2 50. Rg1 Ne2 51. Rd8+ Kh7 52. Rb1
Nf4 53. Rg1 53... Nxg2 {Pinhead resigns} 0-1

[Event "ICS rated blitz match"]
[Site "207.99.83.229"]
[Date "1999.06.21"]
[Round "?"]
[White "Abner"]
[Black "Hossa"]
[Result "1-0"]
[WhiteElo "2840"]
[BlackElo "2306"]
[PlyCount "128"]

1. d4 d5 2. c4 e6 3. Nc3 c6 4. e3 Nf6 5. Qc2 Be7 6. Nf3 Nbd7 7. b3 O-O 8. Be2
Qc7 9. Bb2 Ng4 10. cxd5 cxd5 11. Rc1 Bb4 12. Ng5 Ngf6 13. O-O Bd6 14. f4 h6 15.
Nf3 Ne4 16. Bd3 Nxc3 17. Qxc3 Qxc3 18. Rxc3 Nf6 19. Ne5 b6 20. Rc6 Rd8 21. Rfc1
Bb7 22. Rxd6 Rxd6 23. Rc7 Bc8 24. Ba3 Rd7 25. Nxd7 Bxd7 26. Be7 Be8 27. Bxf6
gxf6 28. g4 a6 29. a4 b5 30. a5 Kg7 31. Kf2 Rd8 32. Kf3 Bd7 33. h3 Bc8 34. b4
Bd7 35. h4 Bc8 36. f5 e5 37. Bc2 Bd7 38. Bb3 Bc8 39. dxe5 fxe5 40. e4 Bd7 41.
Bxd5 Be8 42. Ra7 Rd6 43. Ra8 Kf8 44. Bb7 Ke7 45. Rxa6 Rd3+ 46. Ke2 Rb3 47. Rxh6
Rxb4 48. a6 Ra4 49. g5 Ra2+ 50. Kd3 Ra3+ 51. Kc2 b4 52. Rb6 Ba4+ 53. Kd2 Ra2+
54. Kc1 Be8 55. Bd5 Ra1+ 56. Kb2 Ra5 57. Rb7+ Kd6 58. a7 Ra4 59. Bxf7 Bc6 60.
Rb6 Rxa7 61. Bd5 Kc5 62. Rxc6+ Kd4 63. g6 Re7 64. f6 64... Ra7 {Hossa resigns}
1-0

[Event "ICS rated blitz match"]
[Site "207.99.83.229"]
[Date "1999.06.21"]
[Round "?"]
[White "Invader"]
[Black "Hossa"]
[Result "1-0"]
[WhiteElo "1956"]
[BlackElo "2315"]
[PlyCount "78"]

1. e4 e5 2. Nf3 Nc6 3. Nc3 Nf6 4. d4 exd4 5. Nxd4 Bb4 6. Nxc6 Bxc3+ 7. bxc3
bxc6 8. Bd3 O-O 9. O-O d5 10. e5 Ng4 11. h3 Nxe5 12. Bxh7+ Kxh7 13. Qh5+ Kg8
14. Qxe5 Re8 15. Qg3 Ba6 16. Rd1 Bc4 17. Bg5 f6 18. Bf4 Re7 19. a3 Rb8 20. Rab1
Be2 21. Re1 Bh5 22. Be3 Rxb1 23. Rxb1 a5 24. Rb7 Qc8 25. Ra7 Qb8 26. Bd4 Qb1+
27. Kh2 Qxc2 28. Bxf6 Rf7 29. Bd4 Qa4 30. Ra8+ Kh7 31. Qg5 Qd1 32. Rf8 Bg6 33.
Rxf7 Qxd4 34. Rf8 Qe4 35. g4 Qe6 36. Qh4+ Bh5 37. Qxh5+ Qh6 38. Qxh6+ Kxh6 39.
Rc8 39... c5 {Hossa resigns} 1-0

[Event "ICS rated blitz match"]
[Site "207.99.83.229"]
[Date "1999.06.21"]
[Round "?"]
[White "Hossa"]
[Black "iva"]
[Result "1-0"]
[WhiteElo "2287"]
[BlackElo "2304"]
[PlyCount "103"]

1. d4 d5 2. c4 dxc4 3. e4 c5 4. d5 e6 5. Bxc4 exd5 6. Qxd5 Qxd5 7. exd5 a6 8.
Nf3 Bd6 9. Nc3 Nf6 10. Bg5 Nbd7 11. O-O O-O 12. Rae1 b5 13. Bd3 Bb7 14. Bf5
Rfe8 15. a4 bxa4 16. Ra1 h6 17. Bh4 g5 18. Bxd7 Nxd7 19. Bg3 Bxg3 20. fxg3 Nb6
21. Nd2 Nxd5 22. Nce4 Kg7 23. Nd6 Re2 24. N2c4 Bc6 25. Rxf7+ Kg6 26. Kf1 Re6
27. Rf2 Ne3+ 28. Nxe3 Rxd6 29. Kg1 Re8 30. Ra3 Bb5 31. h3 Rd3 32. Rxd3 Bxd3 33.
Ng4 h5 34. Nf6 Re6 35. Nd7 c4 36. Nf8+ Kh6 37. Nxe6 c3 38. bxc3 a3 39. Ra2 Bc4
40. Rxa3 Bxe6 41. Rxa6 Kg6 42. Rxe6+ Kf5 43. Rh6 h4 44. gxh4 gxh4 45. c4 Ke5
46. Kf2 Kd4 47. Rxh4+ Kc5 48. Ke3 Kc6 49. Rh6+ Kc5 50. Kd3 Kb4 51. Rh5 Ka4 52.
Kc3 {iva resigns} 1-0

[Event "ICS rated blitz match"]
[Site "207.99.83.229"]
[Date "1999.06.21"]
[Round "?"]
[White "Hossa"]
[Black "mordido"]
[Result "1-0"]
[WhiteElo "2304"]
[BlackElo "2192"]
[PlyCount "45"]

1. d4 Nf6 2. Nf3 g6 3. Nc3 d5 4. Bf4 Bg7 5. Qd2 O-O 6. O-O-O Ne4 7. Nxe4 dxe4
8. Ne5 Nd7 9. Qe3 Nf6 10. Bh6 Qd5 11. c4 Qa5 12. Bxg7 Kxg7 13. a3 b5 14. Nc6
Qa4 15. Qc3 a5 16. cxb5 Bb7 17. e3 Bxc6 18. Qxc6 Rfd8 19. h4 Rd6 20. Qxa8 Nd5
21. h5 gxh5 22. Rxh5 Nc3 23. Rd2 {mordido resigns} 1-0

[Event "ICS rated blitz match"]
[Site "207.99.83.229"]
[Date "1999.06.21"]
[Round "?"]
[White "iva"]
[Black "Hossa"]
[Result "1/2-1/2"]
[WhiteElo "2285"]
[BlackElo "2313"]
[PlyCount "84"]

1. d4 Nf6 2. c4 e6 3. g3 d5 4. Nf3 dxc4 5. Qc2 Qd5 6. Bg2 Bb4+ 7. Nc3 O-O 8.
O-O Bxc3 9. Qxc3 Ne4 10. Qc2 f5 11. Bf4 Nc6 12. Rfd1 Nb4 13. Qc1 c3 14. a3 Qb3
15. bxc3 Nxc3 16. Rd2 Nbd5 17. Ne5 Nxf4 18. gxf4 Ne4 19. Bxe4 fxe4 20. e3 c6
21. Kh1 Qd5 22. Rb2 Rf5 23. Qc2 Rf6 24. Rg1 Rf8 25. Rg5 Rf5 26. Rg3 Qa5 27.
Qxe4 Qxa3 28. Rb1 Qa2 29. Rbg1 g6 30. Qg2 Qe2 31. Nxg6 hxg6 32. Rxg6+ Kf8 33.
Rg8+ Ke7 34. Qg7+ Rf7 35. Qg5+ Kd6 36. Qe5+ Ke7 37. Qg5+ Kd6 38. Rd8+ Rd7 39.
Qe5+ Ke7 40. Qg5+ Kd6 41. Qe5+ Ke7 42. Qg5+ 42... Kd6 {Game drawn by repetition
} 1/2-1/2

[Event "ICS Rated blitz match"]
[Site "207.99.83.229"]
[Date "1999.06.21"]
[Round "?"]
[White "SPToth"]
[Black "Hossa"]
[Result "1/2-1/2"]
[WhiteElo "2179"]
[BlackElo "2312"]
[PlyCount "116"]

1. e4 c5 2. Nf3 Nc6 3. d4 cxd4 4. Nxd4 Nf6 5. Nc3 e5 6. Ndb5 d6 7. Bg5 a6 8.
Na3 b5 9. Bxf6 gxf6 10. Nd5 Bg7 11. c3 f5 12. Bd3 Be6 13. Nc2 O-O 14. O-O fxe4
15. Bxe4 Qh4 16. Bf3 Rad8 17. g3 Qh6 18. Bg2 Bh3 19. a4 Bxg2 20. Kxg2 Qe6 21.
axb5 axb5 22. Ra6 Ne7 23. Ncb4 Kh8 24. Qd3 Nxd5 25. Qxd5 Rg8 26. Qxe6 fxe6 27.
Rd1 Bf8 28. Rb6 Rd7 29. Rxb5 Rf7 30. Rb8 e4 31. Nc2 d5 32. Ne3 Rg6 33. c4 Rgf6
34. Rd2 Kg7 35. cxd5 exd5 36. Nxd5 Re6 37. Ne3 Ref6 38. Ng4 Re6 39. Rbd8 h5 40.
Ne3 Bb4 41. R2d7 Ree7 42. Rxe7 Bxe7 43. Rd4 Bf6 44. Rxe4 Bxb2 45. h4 Kh7 46.
Rb4 Bc1 47. Rb5 Kh6 48. Rf5 Rc7 49. Rf6+ Kg7 50. Ra6 Rc5 51. Re6 Bb2 52. Kf3
Ba1 53. Kf4 Kf7 54. Ra6 Bf6 55. Nf5 Kg6 56. Ne7+ Kf7 57. Nf5 Kg6 58. Ne3 58...
Kf7 {Game drawn by mutual agreement} 1/2-1/2

[Event "ICS rated blitz match"]
[Site "207.99.83.229"]
[Date "1999.06.21"]
[Round "?"]
[White "Hossa"]
[Black "pionroi"]
[Result "1-0"]
[WhiteElo "2310"]
[BlackElo "1927"]
[PlyCount "79"]

1. d4 Nf6 2. Nf3 c5 3. d5 b5 4. Bg5 Ne4 5. Bh4 Qa5+ 6. Nbd2 Bb7 7. a4 Nxd2 8.
Qxd2 Qxd2+ 9. Nxd2 Bxd5 10. e4 Bb7 11. axb5 a6 12. Bg3 d6 13. bxa6 Nxa6 14.
Bb5+ Kd8 15. O-O Nc7 16. Rxa8+ Bxa8 17. Be2 g6 18. e5 d5 19. Ra1 e6 20. Ra7 Bh6
21. Nb3 c4 22. Nd4 Kc8 23. Nb5 Bb7 24. Nd6+ Kd7 25. Rxb7 Ra8 26. b3 Ra1+ 27.
Bf1 Kc6 28. bxc4 dxc4 29. Rb4 Nd5 30. Rxc4+ Kd7 31. Rh4 Bg5 32. Rxh7 Kc6 33.
Nxf7 Be3 34. Nd8+ Kc5 35. Nxe6+ Kb4 36. fxe3 Nxe3 37. Rb7+ Kc3 38. Rb3+ Kd2 39.
Rd3+ Kxc2 40. Rxe3 {pionroi resigns} 1-0

[Event "ICS rated standard match"]
[Site "207.99.83.229"]
[Date "1999.06.21"]
[Round "?"]
[White "Hossa"]
[Black "pionroi"]
[Result "1-0"]
[WhiteElo "2193"]
[BlackElo "2127"]
[PlyCount "67"]

1. d4 Nf6 2. Nf3 c5 3. d5 b5 4. Bg5 Ne4 5. Bh4 Qa5+ 6. Nbd2 Bb7 7. a4 Nxd2 8.
Qxd2 Qxd2+ 9. Nxd2 bxa4 10. e4 g6 11. Rxa4 Bg7 12. Ra2 d6 13. Bb5+ Nd7 14. O-O
a6 15. Ba4 Kd8 16. Nc4 Rb8 17. Nxd6 Rf8 18. Bc6 Bxc6 19. dxc6 Ne5 20. Nb7+ Kc7
21. Nxc5 Kxc6 22. Bxe7 Rfe8 23. Nxa6 Rb5 24. Bb4 Nc4 25. b3 Nd6 26. c4 Rb7 27.
f3 Bd4+ 28. Kh1 f5 29. Bxd6 Kxd6 30. Rd1 Ke5 31. Ra5+ Kf4 32. Rxd4 Rxb3 33.
exf5+ Ke3 34. Rd1 {pionroi resigns} 1-0

[Event "ICS rated standard match"]
[Site "207.99.83.229"]
[Date "1999.06.21"]
[Round "?"]
[White "JustinSane"]
[Black "Hossa"]
[Result "0-1"]
[WhiteElo "2046"]
[BlackElo "2206"]
[PlyCount "27"]

1. d3 e5 2. c3 Nf6 3. g3 Nc6 4. Bg2 d5 5. Nf3 Bd6 6. b4 e4 7. Nfd2 exd3 8. exd3
Qe7+ 9. Qe2 Qxe2+ 10. Kxe2 O-O 11. Re1 Re8+ 12. Kf1 Rxe1+ 13. Kxe1 Bf5 14. d4 {
JustinSane resigns} 0-1

[Event "ICS rated standard match"]
[Site "207.99.83.229"]
[Date "1999.06.21"]
[Round "?"]
[White "Hossa"]
[Black "ChessSystemTal"]
[Result "1/2-1/2"]
[WhiteElo "2215"]
[BlackElo "2244"]
[PlyCount "49"]

1. d4 Nf6 2. Nf3 g6 3. Nc3 d5 4. Bf4 Bg7 5. Qd2 O-O 6. O-O-O c6 7. Bh6 Bf5 8.
Bxg7 Kxg7 9. h4 Kg8 10. h5 Ne4 11. Nxe4 dxe4 12. Nh4 Qd5 13. hxg6 fxg6 14. Nxf5
Rxf5 15. Qb4 Qxa2 16. Qxb7 Rb5 17. Qc8+ Kg7 18. Qd8 Qxb2+ 19. Kd2 Rb7 20. e3
Qb4+ 21. Ke2 Rd7 22. Qe8 Qc4+ 23. Kd2 Qb4+ 24. Ke2 Qc4+ 25. Kd2 {
Game drawn by mutual agreement} 1/2-1/2

[Event "ICS rated standard match"]
[Site "207.99.83.229"]
[Date "1999.06.21"]
[Round "?"]
[White "MikeCantrell"]
[Black "Hossa"]
[Result "1-0"]
[WhiteElo "2200"]
[BlackElo "2215"]
[PlyCount "116"]

1. e4 c5 2. c3 e6 3. d4 d5 4. exd5 exd5 5. Nf3 Bd6 6. dxc5 Bxc5 7. Bb5+ Nc6 8.
O-O Nge7 9. Nbd2 O-O 10. Nb3 Bd6 11. Nbd4 Bg4 12. Qa4 Nxd4 13. Nxd4 a6 14. Bd3
Qc7 15. h3 Bh5 16. Bg5 Bg6 17. Bxe7 Bxe7 18. Bxg6 hxg6 19. Rfe1 Rab8 20. Rad1
Rfd8 21. Qb3 Bc5 22. Nf3 Qg3 23. Re2 Qc7 24. Red2 Qg3 25. Kf1 Qc7 26. Rxd5 Rxd5
27. Qxd5 Re8 28. Qd7 Qxd7 29. Rxd7 b5 30. Rc7 Bb6 31. Rc6 Rb8 32. Ne5 Rb7 33.
Rc8+ Kh7 34. Ra8 f6 35. Nc6 a5 36. Nxa5 Rd7 37. Ra6 Bd8 38. Nc6 Rd6 39. b3 Bc7
40. g3 Rd5 41. Ke2 Rc5 42. b4 Rxc3 43. Nd4 Bxg3 44. fxg3 Rxg3 45. Nxb5 Rxh3 46.
Nd4 g5 47. a4 Rh4 48. Ke3 Rf4 49. b5 g6 50. b6 Rf1 51. b7 Rb1 52. Nb5 Re1+ 53.
Kf2 Re8 54. Ra8 Rg8 55. Rxg8 Kxg8 56. b8=Q+ Kh7 57. a5 g4 58. Qc7+ 58... Kh6 {
Hossa resigns} 1-0